000 00352nam a2200145 i 4500
001 bg
100 1 _aEPIFANOV, Georgij Ivanovic
245 0 _aFiziceskie osnovy mikroelektroniki /
_cG.J Epifanov.
260 _aMoskva,
_c1971.
040 _cBPK
041 _apol
080 _a621.382:538.9
942 _cKS
008 s pl f |000 0 pol
999 _c9207
_d9207
856 _uhttp://koha.tu.koszalin.pl/cgi-bin/koha/opac-detail.pl?biblionumber=9207
_yKatalog online BPK